| 000 | nam a22 7a 4500 | ||
|---|---|---|---|
| 999 |
_c97853 _d97852 |
||
| 005 | 20191017100317.0 | ||
| 008 | 190204b ||||| |||| 00| 0 eng d | ||
| 020 | _a9781786699497 | ||
| 080 |
_aF _bPAL/T |
||
| 100 | _aPalmer, Ada | ||
| 245 | _aToo Like the Lightning | ||
| 260 |
_aUK _bHead Zeus _c2017 |
||
| 300 | _a448p. | ||
| 653 | _aFiction - English Literature | ||
| 942 | _cBK | ||